| 000 | 01170cam a2200241 4500 | ||
|---|---|---|---|
| 001 | ABS64045 | ||
| 008 | 000000n2001 000 0 eng u | ||
| 035 | _a(Sirsi) u112555 | ||
| 100 | _aWhite, M. | ||
| 245 | _aNorth-south divide | ||
| 260 | _c2001 | ||
| 490 |
_aProperty Week _v66(15) 12 April 2001, 70(1) |
||
| 520 | _aConsiders the differences between England and Scotland when pursuing commercial property transactions. Discusses the situations of a compulsory purchase order being placed on a property and a fire destroying a property after contracts are exchanged (concluded in Scotland), and highlights that in England the buyer is more likely to bear the risk than in Scotland. Also looks at the issues of penalty for late completion and paying deposits for each country. Concludes that cross-border commercial differences can be tackled by using agents and lawyers who have experience of deals in England and Scotland. | ||
| 590 | _aABS | ||
| 650 | _aSCOTLAND | ||
| 650 | _aPROPERTY TRANSACTIONS | ||
| 650 |
_aContracts _96232 |
||
| 650 | _aPROPERTY DEALS | ||
| 650 | _aENGLAND | ||
| 650 | _aCROSS-BORDER | ||
| 690 | _aPROPERTY | ||
| 942 | _n0 | ||
| 999 |
_c66991 _d66991 |
||